[Event "Team Championship Russia (Blitz, Men)"]
[Site "Sochi"]
[Date "2018.10.10"]
[Round "5.22"]
[White "Rozum, Ivan"]
[Black "Tsvetkov, Andrey"]
[Result "1-0"]
[BlackElo "2215"]
[WhiteElo "2595"]
[LiveChessVersion "1.4.8"]

1. Nf3 {[%clk 0:03:01]} d5 {[%clk 0:03:04]} 2. d4 {[%clk 0:03:02]} Nf6
{[%clk 0:03:05]} 3. g3 {[%clk 0:03:02]} Bg4 {[%clk 0:03:04]} 4. Bg2
{[%clk 0:03:03]} e6 {[%clk 0:03:04]} 5. c4 {[%clk 0:03:04]} c6 {[%clk 0:03:04]}
6. Nc3 {[%clk 0:03:04]} Nbd7 {[%clk 0:03:04]} 7. h3 {[%clk 0:03:02]} Bh5
{[%clk 0:03:04]} 8. Qb3 {[%clk 0:02:48]} Qb6 {[%clk 0:02:22]} 9. c5
{[%clk 0:02:48]} Qa6 {[%clk 0:02:23]} 10. Bf1 {[%clk 0:02:38]} b6
{[%clk 0:02:17]} 11. g4 {[%clk 0:02:39]} Bg6 {[%clk 0:02:16]} 12. e4
{[%clk 0:02:29]} Qc8 {[%clk 0:02:14]} 13. exd5 {[%clk 0:02:29]} Nxd5
{[%clk 0:02:04]} 14. Nxd5 {[%clk 0:02:26]} cxd5 {[%clk 0:02:03]} 15. Bb5
{[%clk 0:02:14]} f6 {[%clk 0:01:24]} 16. c6 {[%clk 0:01:59]} Nb8 {[%clk 0:01:25]}
17. c7+ {[%clk 0:01:59]} Nd7 {[%clk 0:01:26]} 18. Bc6 {[%clk 0:01:56]} Bd6
{[%clk 0:01:17]} 19. Bxa8 {[%clk 0:01:15]} Qxa8 {[%clk 0:01:18]} 20. O-O
{[%clk 0:00:56]} Bxc7 {[%clk 0:00:57]} 21. Re1 {[%clk 0:00:57]} Kf7
{[%clk 0:00:57]} 22. Bd2 {[%clk 0:00:55]} Be4 {[%clk 0:00:55]} 23. Rac1
{[%clk 0:00:53]} Bd6 {[%clk 0:00:52]} 24. Re3 {[%clk 0:00:45]} Qb7
{[%clk 0:00:35]} 25. Ne1 {[%clk 0:00:45]} Bf4 {[%clk 0:00:31]} 26. Re2
{[%clk 0:00:24]} Qa6 {[%clk 0:00:33]} 27. Qd1 {[%clk 0:00:18]} Bd6
{[%clk 0:00:33]} 28. f3 {[%clk 0:00:11]} Bg6 {[%clk 0:00:34]} 29. a3
{[%clk 0:00:15]} h5 {[%clk 0:00:35]} 30. Bb4 {[%clk 0:00:11]} Bxb4
{[%clk 0:00:20]} 31. axb4 {[%clk 0:00:12]} Rc8 {[%clk 0:00:15]} 32. Rxc8
{[%clk 0:00:12]} Qxc8 {[%clk 0:00:16]} 33. Ng2 {[%clk 0:00:11]} hxg4
{[%clk 0:00:12]} 34. hxg4 {[%clk 0:00:13]} Bh7 {[%clk 0:00:05]} 35. Nf4
{[%clk 0:00:13]} Nf8 {[%clk 0:00:06]} 36. Qd2 {[%clk 0:00:13]} g5
{[%clk 0:00:07]} 37. Ng2 {[%clk 0:00:10]} Qc4 {[%clk 0:00:07]} 38. Re1
{[%clk 0:00:11]} Qb5 {[%clk 0:00:03]} 39. Ra1 {[%clk 0:00:12]} a6
{[%clk 0:00:04]} 40. Rc1 {[%clk 0:00:13]} Nd7 {[%clk 0:00:05]} 41. Kf2
{[%clk 0:00:12]} Bd3 {[%clk 0:00:06]} 42. Qc3 {[%clk 0:00:11]} Bc4 43. b3
{[%clk 0:00:10]} Bd3 {[%clk 0:00:03]} 44. Ne1 {[%clk 0:00:08]} Bg6
{[%clk 0:00:04]} 45. Qc6 {[%clk 0:00:09]} Bd3 {[%clk 0:00:03]} 46. Qxb5
{[%clk 0:00:09]} Bxb5 {[%clk 0:00:04]} 47. Rc7 Ke7 48. Ke3 {[%clk 0:00:10]} Kd8
{[%clk 0:00:06]} 49. Rc1 {[%clk 0:00:10]} Nb8 {[%clk 0:00:05]} 50. Kd2
{[%clk 0:00:08]} Nc6 51. Kc3 Kd7 {[%clk 0:00:07]} 52. Rc2 {[%clk 0:00:11]} Kd6
{[%clk 0:00:08]} 53. Rh2 {[%clk 0:00:12]} e5 {[%clk 0:00:06]} 54. dxe5+
{[%clk 0:00:13]} fxe5 {[%clk 0:00:08]} 55. Rh6+ {[%clk 0:00:14]} Ke7
{[%clk 0:00:09]} 56. Nc2 {[%clk 0:00:11]} Kd7 {[%clk 0:00:06]} 57. Rg6
{[%clk 0:00:12]} Ne7 {[%clk 0:00:04]} 58. Rxg5 {[%clk 0:00:12]} d4+
{[%clk 0:00:05]} 59. Kd2 {[%clk 0:00:13]} Ke6 {[%clk 0:00:06]} 60. Rh5
{[%clk 0:00:13]} Bc6 {[%clk 0:00:06]} 61. Rh6+ {[%clk 0:00:14]} Kd7
{[%clk 0:00:06]} 62. f4 {[%clk 0:00:14]} exf4 {[%clk 0:00:04]} 63. Nxd4
{[%clk 0:00:15]} Bd5 {[%clk 0:00:05]} 64. Rf6 {[%clk 0:00:11]} f3
{[%clk 0:00:04]} 65. Nxf3 {[%clk 0:00:12]} Bxb3 {[%clk 0:00:05]} 66. Ne5+
{[%clk 0:00:11]} Kc7 {[%clk 0:00:05]} 67. g5 {[%clk 0:00:11]} Nd5
{[%clk 0:00:05]} 68. Rf3 {[%clk 0:00:11]} Ba4 {[%clk 0:00:05]} 69. g6
{[%clk 0:00:12]} Ne7 {[%clk 0:00:05]} 70. g7 {[%clk 0:00:12]} Kd6
{[%clk 0:00:05]} 71. Ng6 {[%clk 0:00:12]} Ng8 {[%clk 0:00:05]} 72. Kc3
{[%clk 0:00:10]} Bc6 {[%clk 0:00:06]} 73. Rf8 {[%clk 0:00:08]} Bd5
{[%clk 0:00:07]} 74. Kd4 {[%clk 0:00:09]} Bb3 {[%clk 0:00:05]} 75. Rb8
{[%clk 0:00:09]} Kc7 {[%clk 0:00:04]} 76. Ra8 {[%clk 0:00:10]} a5
{[%clk 0:00:04]} 77. bxa5 {[%clk 0:00:10]} bxa5 {[%clk 0:00:06]} 78. Rxa5
{[%clk 0:00:11]} Kd6 {[%clk 0:00:07]} 79. Ra6+ {[%clk 0:00:09]} Kd7
{[%clk 0:00:08]} 80. Ke5 {[%clk 0:00:11]} Bc2 {[%clk 0:00:07]} 81. Ra7+
{[%clk 0:00:11]} Ke8 {[%clk 0:00:07]} 82. Nf4 {[%clk 0:00:07]} Nh6
{[%clk 0:00:06]} 83. Nd5 {[%clk 0:00:07]} Bb3 {[%clk 0:00:04]} 84. Nf6+
{[%clk 0:00:07]} Kd8 {[%clk 0:00:04]} 85. Kf4 {[%clk 0:00:07]} Bc4
{[%clk 0:00:00]} 86. Ke4 1-0

[Event "Team Championship Russia (Blitz, Men)"]
[Site "Sochi"]
[Date "2018.10.10"]
[Round "5.23"]
[White "Mochalin, Faddey"]
[Black "Moiseenko, Vadim"]
[Result "0-1"]
[BlackElo "2421"]
[WhiteElo "1886"]
[LiveChessVersion "1.4.8"]

1. d4 {[%clk 0:03:03]} e6 {[%clk 0:03:03]} 2. c4 b6 3. e4 {[%clk 0:03:05]} Bb7
{[%clk 0:03:06]} 4. Bd3 {[%clk 0:03:06]} Bb4+ {[%clk 0:03:05]} 5. Bd2
{[%clk 0:03:03]} Bxd2+ {[%clk 0:03:04]} 6. Qxd2 {[%clk 0:03:04]} d6
{[%clk 0:03:05]} 7. Ne2 {[%clk 0:03:01]} Nd7 {[%clk 0:03:05]} 8. O-O
{[%clk 0:03:02]} Ne7 {[%clk 0:03:05]} 9. Nbc3 {[%clk 0:03:02]} O-O
{[%clk 0:03:02]} 10. b4 {[%clk 0:02:57]} a5 {[%clk 0:02:59]} 11. a3
{[%clk 0:02:58]} c5 {[%clk 0:02:53]} 12. Nb5 {[%clk 0:02:59]} Nf6
{[%clk 0:02:49]} 13. f3 {[%clk 0:02:33]} axb4 {[%clk 0:02:34]} 14. axb4
{[%clk 0:02:34]} Nc6 {[%clk 0:02:33]} 15. bxc5 {[%clk 0:02:17]} bxc5
{[%clk 0:02:29]} 16. dxc5 {[%clk 0:02:00]} dxc5 {[%clk 0:02:14]} 17. Rxa8
{[%clk 0:02:01]} Bxa8 {[%clk 0:02:15]} 18. Rd1 {[%clk 0:01:41]} e5
{[%clk 0:02:07]} 19. Bb1 {[%clk 0:00:53]} Qb6 {[%clk 0:01:56]} 20. Nec3
{[%clk 0:00:18]} Nd4 {[%clk 0:01:57]} 21. Nxd4 {[%clk 0:00:11]} cxd4
{[%clk 0:01:57]} 22. Nd5 {[%clk 0:00:08]} Bxd5 {[%clk 0:01:58]} 23. exd5
{[%clk 0:00:06]} d3+ {[%clk 0:01:46]} 24. Qf2 {[%clk 0:00:05]} Qb3
{[%clk 0:01:45]} 25. Qd2 {[%clk 0:00:03]} Qxc4 {[%clk 0:01:34]} 26. Qxd3
{[%clk 0:00:04]} Qc5+ {[%clk 0:01:32]} 27. Kh1 {[%clk 0:00:05]} Rd8
{[%clk 0:01:27]} 28. d6 {[%clk 0:00:05]} g6 {[%clk 0:01:24]} 29. h3
{[%clk 0:00:04]} Ne8 {[%clk 0:01:20]} 30. d7 {[%clk 0:00:05]} Nf6
{[%clk 0:01:21]} 31. Ba2 {[%clk 0:00:03]} Kg7 {[%clk 0:00:57]} 32. Qe2
{[%clk 0:00:03]} Rxd7 {[%clk 0:00:56]} 33. Rxd7 {[%clk 0:00:04]} Nxd7
{[%clk 0:00:57]} 34. Qd2 {[%clk 0:00:04]} Qd4 {[%clk 0:00:50]} 35. Qc2
{[%clk 0:00:05]} Nc5 {[%clk 0:00:42]} 36. Kh2 {[%clk 0:00:06]} h5
{[%clk 0:00:42]} 37. Bc4 {[%clk 0:00:05]} h4 {[%clk 0:00:39]} 38. Qa2
{[%clk 0:00:06]} e4 {[%clk 0:00:35]} 39. Bxf7 {[%clk 0:00:03]} exf3
{[%clk 0:00:36]} 40. gxf3 {[%clk 0:00:04]} Qf4+ {[%clk 0:00:37]} 41. Kg2
{[%clk 0:00:03]} Qg3+ {[%clk 0:00:36]} 42. Kf1 {[%clk 0:00:03]} Qxf3+
{[%clk 0:00:37]} 43. Kg1 {[%clk 0:00:04]} Qxf7 {[%clk 0:00:33]} 44. Qb2+
{[%clk 0:00:03]} Qf6 {[%clk 0:00:32]} 45. Qb5 {[%clk 0:00:04]} Ne6
{[%clk 0:00:26]} 46. Qb7+ {[%clk 0:00:04]} Kh6 {[%clk 0:00:27]} 47. Qc6
{[%clk 0:00:04]} Qf5 {[%clk 0:00:22]} 48. Kh2 {[%clk 0:00:03]} Qe5+
{[%clk 0:00:21]} 49. Kh1 {[%clk 0:00:04]} Qe1+ {[%clk 0:00:21]} 50. Kh2
{[%clk 0:00:04]} Qg3+ {[%clk 0:00:21]} 51. Kh1 {[%clk 0:00:05]} Qxh3+
{[%clk 0:00:22]} 52. Kg1 {[%clk 0:00:07]} Qg3+ {[%clk 0:00:22]} 53. Kh1
{[%clk 0:00:08]} Nf4 {[%clk 0:00:17]} 54. Qxg6+ {[%clk 0:00:03]} Qxg6
{[%clk 0:00:17]} 0-1

[Event "Team Championship Russia (Blitz, Men)"]
[Site "Sochi"]
[Date "2018.10.10"]
[Round "5.25"]
[White "Triapishko, Alexandr"]
[Black "Chos, Alexey"]
[Result "1-0"]
[BlackElo "2229"]
[WhiteElo "2560"]
[LiveChessVersion "1.4.8"]

1. d4 {[%clk 0:03:03]} Nf6 {[%clk 0:03:02]} 2. Nc3 {[%clk 0:03:04]} d5
{[%clk 0:03:01]} 3. Bf4 {[%clk 0:03:04]} e6 {[%clk 0:03:01]} 4. Nb5
{[%clk 0:03:03]} Na6 {[%clk 0:03:00]} 5. e3 {[%clk 0:03:04]} Be7 {[%clk 0:02:58]}
6. h3 {[%clk 0:03:01]} O-O {[%clk 0:02:58]} 7. Nf3 {[%clk 0:03:01]} Ne4
{[%clk 0:02:56]} 8. Nd2 {[%clk 0:02:41]} Nf6 {[%clk 0:02:53]} 9. Be2
{[%clk 0:02:29]} c6 {[%clk 0:02:51]} 10. Nc3 {[%clk 0:02:31]} b5 {[%clk 0:02:51]}
11. O-O {[%clk 0:02:29]} b4 {[%clk 0:02:47]} 12. Na4 {[%clk 0:02:14]} c5
{[%clk 0:02:43]} 13. dxc5 {[%clk 0:01:53]} Nxc5 {[%clk 0:02:42]} 14. Nxc5
{[%clk 0:01:54]} Bxc5 {[%clk 0:02:42]} 15. Bd3 {[%clk 0:01:55]} a5
{[%clk 0:02:39]} 16. Qe2 {[%clk 0:01:55]} Qb6 {[%clk 0:02:38]} 17. Bg5
{[%clk 0:01:34]} Be7 {[%clk 0:02:35]} 18. e4 {[%clk 0:01:20]} h6 {[%clk 0:02:27]}
19. Be3 {[%clk 0:01:03]} Qc7 {[%clk 0:02:16]} 20. Rfe1 {[%clk 0:00:51]} dxe4
{[%clk 0:02:13]} 21. Nxe4 {[%clk 0:00:51]} Bb7 {[%clk 0:02:06]} 22. Bd4
{[%clk 0:00:31]} Nxe4 {[%clk 0:01:49]} 23. Bxe4 {[%clk 0:00:32]} Rad8
{[%clk 0:01:43]} 24. Rad1 {[%clk 0:00:29]} Bc5 {[%clk 0:01:35]} 25. Bxc5
{[%clk 0:00:26]} Bxe4 {[%clk 0:01:35]} 26. Bxf8 {[%clk 0:00:23]} Rxd1
{[%clk 0:01:26]} 27. Rxd1 {[%clk 0:00:21]} Bb7 {[%clk 0:01:21]} 28. Bd6
{[%clk 0:00:20]} Qc6 {[%clk 0:01:19]} 29. f3 {[%clk 0:00:21]} Qc8
{[%clk 0:01:12]} 30. Rd2 {[%clk 0:00:20]} Bd5 {[%clk 0:01:13]} 31. b3
{[%clk 0:00:17]} Qb7 {[%clk 0:01:09]} 32. Bc5 {[%clk 0:00:15]} Qc7
{[%clk 0:01:09]} 33. Bf2 {[%clk 0:00:12]} f6 {[%clk 0:01:06]} 34. Qe3
{[%clk 0:00:13]} Qc6 {[%clk 0:01:04]} 35. Qc5 {[%clk 0:00:13]} Qb7
{[%clk 0:01:03]} 36. Qxa5 {[%clk 0:00:13]} Kh7 {[%clk 0:00:57]} 37. c4
{[%clk 0:00:15]} bxc3 {[%clk 0:00:57]} 38. Qxc3 {[%clk 0:00:16]} f5
{[%clk 0:00:58]} 39. Qe5 {[%clk 0:00:16]} Qb4 {[%clk 0:00:58]} 40. Rxd5
{[%clk 0:00:15]} exd5 {[%clk 0:00:58]} 41. Qxf5+ {[%clk 0:00:15]} Kg8
{[%clk 0:00:59]} 42. Qxd5+ Kh7 43. Qe4+ {[%clk 0:00:17]} 1-0

[Event "Team Championship Russia (Blitz, Men)"]
[Site "Sochi"]
[Date "2018.10.10"]
[Round "5.26"]
[White "Linker, Mikhail"]
[Black "Papenin, Nikolai"]
[Result "0-1"]
[BlackElo "2337"]
[WhiteElo "2195"]
[LiveChessVersion "1.4.8"]

1. d4 {[%clk 0:03:02]} d5 {[%clk 0:03:03]} 2. c4 {[%clk 0:03:03]} dxc4
{[%clk 0:03:04]} 3. e3 {[%clk 0:03:05]} Nf6 {[%clk 0:03:05]} 4. Bxc4
{[%clk 0:03:05]} e6 {[%clk 0:03:06]} 5. Nf3 {[%clk 0:03:07]} c5 {[%clk 0:03:05]}
6. O-O {[%clk 0:03:07]} Nc6 {[%clk 0:03:05]} 7. Nc3 {[%clk 0:03:08]} Be7
{[%clk 0:03:05]} 8. a3 {[%clk 0:03:05]} O-O {[%clk 0:03:05]} 9. dxc5
{[%clk 0:03:02]} Bxc5 {[%clk 0:02:55]} 10. b4 {[%clk 0:03:03]} Bd6
{[%clk 0:02:42]} 11. Bb2 {[%clk 0:03:04]} a6 {[%clk 0:02:43]} 12. Ne2
{[%clk 0:02:52]} Qe7 {[%clk 0:02:25]} 13. Rc1 {[%clk 0:02:51]} Rd8
{[%clk 0:02:24]} 14. Qc2 {[%clk 0:02:52]} h6 {[%clk 0:02:08]} 15. Rfd1
{[%clk 0:02:52]} Bd7 {[%clk 0:01:49]} 16. Qb1 {[%clk 0:02:08]} Rac8
{[%clk 0:01:45]} 17. Ned4 {[%clk 0:01:59]} Nxd4 {[%clk 0:01:39]} 18. Bxd4
{[%clk 0:02:00]} Bc6 {[%clk 0:01:31]} 19. Ne5 {[%clk 0:01:44]} Bxe5
{[%clk 0:01:05]} 20. Bxe5 {[%clk 0:01:45]} Rxd1+ {[%clk 0:01:05]} 21. Rxd1
{[%clk 0:01:46]} Bxg2 {[%clk 0:00:54]} 22. Kxg2 {[%clk 0:01:46]} Rxc4
{[%clk 0:00:55]} 23. Qd3 {[%clk 0:01:47]} Rc8 {[%clk 0:00:45]} 24. Qd6
{[%clk 0:01:41]} Qxd6 {[%clk 0:00:34]} 25. Rxd6 {[%clk 0:01:42]} Kf8
{[%clk 0:00:20]} 26. Rb6 {[%clk 0:01:43]} Nd5 {[%clk 0:00:09]} 27. Rxb7
{[%clk 0:01:38]} Rc2 {[%clk 0:00:07]} 28. Bd4 {[%clk 0:01:28]} Ra2
{[%clk 0:00:07]} 29. b5 {[%clk 0:01:26]} axb5 {[%clk 0:00:07]} 30. Rxb5
{[%clk 0:01:27]} f6 {[%clk 0:00:06]} 31. Rb7 {[%clk 0:01:23]} e5 {[%clk 0:00:06]}
32. Bc5+ {[%clk 0:01:24]} Kg8 {[%clk 0:00:08]} 33. Ra7 {[%clk 0:01:09]} Nc3
{[%clk 0:00:09]} 34. Bb4 {[%clk 0:01:09]} Nd5 {[%clk 0:00:11]} 35. Bc5
{[%clk 0:01:08]} Nc3 {[%clk 0:00:12]} 36. Bb4 {[%clk 0:00:49]} Ne4
{[%clk 0:00:10]} 37. a4 {[%clk 0:00:47]} Rxf2+ {[%clk 0:00:11]} 38. Kg1 Rb2 39.
Be7 {[%clk 0:00:44]} Rb3 {[%clk 0:00:07]} 40. a5 {[%clk 0:00:45]} Rxe3
{[%clk 0:00:08]} 41. a6 {[%clk 0:00:46]} Re1+ {[%clk 0:00:07]} 42. Kg2
{[%clk 0:00:47]} Ra1 {[%clk 0:00:08]} 43. Ra8+ {[%clk 0:00:37]} Kf7
{[%clk 0:00:09]} 44. Bb4 {[%clk 0:00:38]} Ra2+ {[%clk 0:00:08]} 45. Kf1
{[%clk 0:00:40]} Ra4 {[%clk 0:00:07]} 46. a7 {[%clk 0:00:39]} Kg6
{[%clk 0:00:08]} 47. Be7 {[%clk 0:00:14]} f5 {[%clk 0:00:09]} 48. Ke2
{[%clk 0:00:14]} h5 {[%clk 0:00:10]} 49. Kd3 {[%clk 0:00:16]} f4 {[%clk 0:00:07]}
50. Re8 {[%clk 0:00:15]} Nf2+ {[%clk 0:00:08]} 51. Ke2 {[%clk 0:00:15]} Rxa7
{[%clk 0:00:08]} 52. Kxf2 Kf7 {[%clk 0:00:10]} 53. Rh8 {[%clk 0:00:13]} Rxe7
{[%clk 0:00:10]} 54. Rxh5 {[%clk 0:00:14]} Kf6 {[%clk 0:00:10]} 55. Rh8
{[%clk 0:00:15]} e4 {[%clk 0:00:11]} 56. h4 {[%clk 0:00:14]} Kf5 {[%clk 0:00:12]}
57. h5 {[%clk 0:00:15]} Ra7 {[%clk 0:00:12]} 58. h6 {[%clk 0:00:14]} Ra2+ 59. Ke1
gxh6 {[%clk 0:00:13]} 60. Rxh6 {[%clk 0:00:17]} Kg4 {[%clk 0:00:13]} 61. Rh8
{[%clk 0:00:16]} f3 {[%clk 0:00:13]} 62. Re8 {[%clk 0:00:17]} Kf4
{[%clk 0:00:14]} 63. Kf1 {[%clk 0:00:18]} Ke3 {[%clk 0:00:16]} 64. Kg1
{[%clk 0:00:19]} Ra1+ {[%clk 0:00:16]} 65. Kh2 {[%clk 0:00:20]} f2
{[%clk 0:00:18]} 66. Rb8 {[%clk 0:00:20]} f1=Q {[%clk 0:00:18]} 67. Rb3+
{[%clk 0:00:21]} Kd4 {[%clk 0:00:19]} 0-1

[Event "Team Championship Russia (Blitz, Men)"]
[Site "Sochi"]
[Date "2018.10.10"]
[Round "5.27"]
[White "Derjabin, Ilja"]
[Black "Alexeev, Alexey"]
[Result "1/2-1/2"]
[BlackElo "2363"]
[WhiteElo "2356"]
[LiveChessVersion "1.4.8"]

1. Nf3 {[%clk 0:03:03]} Nf6 2. g3 b6 {[%clk 0:03:01]} 3. Bg2 Bb7 4. O-O
{[%clk 0:03:04]} c5 {[%clk 0:03:03]} 5. d3 {[%clk 0:03:05]} d5 {[%clk 0:02:59]}
6. Nbd2 {[%clk 0:03:00]} e6 {[%clk 0:02:59]} 7. c3 {[%clk 0:02:54]} Be7
{[%clk 0:02:59]} 8. e4 {[%clk 0:02:55]} O-O {[%clk 0:02:54]} 9. e5
{[%clk 0:02:56]} Nfd7 {[%clk 0:02:55]} 10. Re1 {[%clk 0:02:58]} Nc6
{[%clk 0:02:53]} 11. Nf1 {[%clk 0:02:59]} a5 {[%clk 0:02:41]} 12. h4
{[%clk 0:02:59]} a4 {[%clk 0:02:42]} 13. h5 {[%clk 0:02:59]} Re8 {[%clk 0:02:30]}
14. Bf4 {[%clk 0:02:58]} Bf8 {[%clk 0:02:26]} 15. Ne3 {[%clk 0:02:57]} f6
{[%clk 0:02:18]} 16. exf6 {[%clk 0:02:56]} Nxf6 {[%clk 0:02:19]} 17. h6
{[%clk 0:02:44]} g6 {[%clk 0:02:17]} 18. Bg5 {[%clk 0:02:39]} Be7
{[%clk 0:02:03]} 19. Bh3 {[%clk 0:02:36]} Bc8 {[%clk 0:02:02]} 20. Qd2
{[%clk 0:02:08]} Nh5 {[%clk 0:01:59]} 21. Bxe7 {[%clk 0:02:09]} Rxe7
{[%clk 0:01:53]} 22. Ng4 {[%clk 0:02:04]} Qf8 {[%clk 0:01:52]} 23. Nfe5
{[%clk 0:02:04]} Nxe5 {[%clk 0:01:44]} 24. Nxe5 {[%clk 0:02:05]} Bb7
{[%clk 0:01:28]} 25. d4 {[%clk 0:02:00]} Nf6 {[%clk 0:01:27]} 26. f3
{[%clk 0:02:00]} a3 {[%clk 0:01:23]} 27. b4 {[%clk 0:01:59]} cxb4
{[%clk 0:01:23]} 28. cxb4 {[%clk 0:02:00]} Rc8 {[%clk 0:01:23]} 29. Rac1
{[%clk 0:01:58]} Nh5 {[%clk 0:01:17]} 30. Kh2 {[%clk 0:01:52]} Qf6
{[%clk 0:01:02]} 31. b5 {[%clk 0:01:33]} Rxc1 {[%clk 0:00:53]} 32. Rxc1
{[%clk 0:01:34]} g5 {[%clk 0:00:51]} 33. Qb4 {[%clk 0:01:11]} Nxg3
{[%clk 0:00:27]} 34. Kxg3 {[%clk 0:00:40]} Qf4+ {[%clk 0:00:27]} 35. Kg2
{[%clk 0:00:30]} Qxc1 {[%clk 0:00:28]} 36. Qxe7 {[%clk 0:00:30]} Qd2+
{[%clk 0:00:29]} 37. Kf1 {[%clk 0:00:25]} Qc1+ {[%clk 0:00:27]} 38. Ke2
{[%clk 0:00:23]} Qc2+ {[%clk 0:00:26]} 39. Ke3 {[%clk 0:00:22]} Qc1+
{[%clk 0:00:25]} 40. Kf2 {[%clk 0:00:22]} Qd2+ {[%clk 0:00:26]} 41. Kg1
{[%clk 0:00:23]} Qe3+ {[%clk 0:00:24]} 42. Kf1 {[%clk 0:00:19]} Qc1+
{[%clk 0:00:24]} 43. Kg2 {[%clk 0:00:16]} Qd2+ {[%clk 0:00:23]} 44. Kg3
{[%clk 0:00:16]} Qf4+ {[%clk 0:00:24]} 1/2-1/2

[Event "Team Championship Russia (Blitz, Men)"]
[Site "Sochi"]
[Date "2018.10.10"]
[Round "5.29"]
[White "Taysayev, Timur"]
[Black "Ozgibcev, Anatoly"]
[Result "1/2-1/2"]
[BlackElo "2353"]
[WhiteElo "2253"]
[LiveChessVersion "1.4.8"]

1. e4 {[%clk 0:03:03]} d5 {[%clk 0:03:01]} 2. exd5 {[%clk 0:03:03]} Nf6
{[%clk 0:03:02]} 3. Nf3 {[%clk 0:03:04]} Qxd5 {[%clk 0:03:00]} 4. Nc3
{[%clk 0:03:04]} Qd6 {[%clk 0:03:01]} 5. d4 {[%clk 0:02:48]} a6 {[%clk 0:03:01]}
6. g3 {[%clk 0:02:48]} Bg4 {[%clk 0:03:01]} 7. Bf4 {[%clk 0:02:47]} Qb4
{[%clk 0:02:54]} 8. Bg2 {[%clk 0:02:36]} Nc6 {[%clk 0:02:32]} 9. O-O
{[%clk 0:02:23]} O-O-O {[%clk 0:02:33]} 10. d5 {[%clk 0:02:18]} e6
{[%clk 0:02:18]} 11. dxc6 {[%clk 0:02:16]} Rxd1 {[%clk 0:02:17]} 12. Rfxd1
{[%clk 0:02:08]} bxc6 {[%clk 0:02:11]} 13. Rab1 {[%clk 0:01:49]} Bd6
{[%clk 0:01:50]} 14. Rd4 {[%clk 0:01:42]} Qb6 {[%clk 0:01:38]} 15. Na4
{[%clk 0:01:30]} Qa7 {[%clk 0:01:38]} 16. Be3 {[%clk 0:01:30]} Qb8
{[%clk 0:01:12]} 17. Rc4 {[%clk 0:01:22]} Qb5 {[%clk 0:00:58]} 18. Nd2
{[%clk 0:01:22]} Be2 {[%clk 0:00:49]} 19. Nc3 {[%clk 0:01:16]} Qxc4
{[%clk 0:00:43]} 20. Nxc4 {[%clk 0:01:16]} Bxc4 {[%clk 0:00:44]} 21. Bxc6
{[%clk 0:01:16]} Nd5 {[%clk 0:00:45]} 22. Nxd5 {[%clk 0:01:03]} Bxd5
{[%clk 0:00:46]} 23. Bxd5 {[%clk 0:01:00]} exd5 {[%clk 0:00:47]} 24. Bd4
{[%clk 0:00:57]} f6 {[%clk 0:00:47]} 25. Re1 {[%clk 0:00:58]} Kd7
{[%clk 0:00:48]} 26. b3 {[%clk 0:00:54]} Rb8 {[%clk 0:00:47]} 27. Kf1
{[%clk 0:00:54]} c5 {[%clk 0:00:47]} 28. Bc3 {[%clk 0:00:54]} Re8
{[%clk 0:00:38]} 29. Rxe8 Kxe8 {[%clk 0:00:39]} 30. Ke2 {[%clk 0:00:53]} c4
{[%clk 0:00:35]} 31. Bd4 {[%clk 0:00:48]} Kd7 {[%clk 0:00:34]} 32. h3
{[%clk 0:00:47]} Ke6 {[%clk 0:00:34]} 33. g4 {[%clk 0:00:48]} g6 {[%clk 0:00:36]}
34. Ke3 {[%clk 0:00:49]} f5 {[%clk 0:00:36]} 35. f3 {[%clk 0:00:49]} Bc7
{[%clk 0:00:37]} 36. Kd2 {[%clk 0:00:48]} Ba5+ {[%clk 0:00:39]} 37. Ke3
{[%clk 0:00:48]} Bb4 {[%clk 0:00:40]} 38. c3 {[%clk 0:00:48]} Bd6
{[%clk 0:00:40]} 39. b4 {[%clk 0:00:49]} Kd7 {[%clk 0:00:35]} 40. a4
{[%clk 0:00:50]} Kc6 {[%clk 0:00:36]} 41. Ke2 {[%clk 0:00:47]} Bf4
{[%clk 0:00:37]} 42. Kf2 {[%clk 0:00:47]} h5 {[%clk 0:00:38]} 43. gxf5
{[%clk 0:00:45]} gxf5 {[%clk 0:00:39]} 44. Ke2 {[%clk 0:00:43]} Bg5
{[%clk 0:00:40]} 45. Kf2 {[%clk 0:00:44]} Bf4 {[%clk 0:00:41]} 46. Ke2
{[%clk 0:00:45]} Bg5 {[%clk 0:00:43]} 47. Be5 {[%clk 0:00:44]} Bh6
{[%clk 0:00:42]} 48. f4 {[%clk 0:00:39]} Bf8 {[%clk 0:00:42]} 49. Bf6
{[%clk 0:00:37]} Bd6 {[%clk 0:00:39]} 50. Kf3 {[%clk 0:00:38]} Bc7
{[%clk 0:00:38]} 51. Kg3 {[%clk 0:00:32]} Bd6 {[%clk 0:00:40]} 52. Kf3
{[%clk 0:00:25]} Bc7 {[%clk 0:00:41]} 1/2-1/2